00242nam a22001097a 4500003000400000020001800004082001600022100002600038245003800064260002200102300000800124SGT a93-5056-241-3 a617.8bC13P aPRIYADARSHI, BRAJESH  aCLINICAL LINGUISTICS: A OVERVIEW  aINDIA bDPHc2013 a293